EToH: Every Insane Tower - Statistics

General Stats
  • This quiz has been taken 51 times
    41 since last reset
  • The average score is 26 of 59
Answer Stats
Area Difficulty Answer % Correct
Ring 2 Bottom Insane Tower of Difficulty Chart
96%
Timeless Manor (TEA) Bottom Insane Tower of Difficulty Chart
96%
Ring 1 Low-Mid Insane Tower of Infinity Gauntlet
92%
Ring 3 Peak Insane Tower of Confusion
77%
Ring 9 Bottom-Low Insane Tower of Bent Trauma
69%
Ring 9 Mid Insane Tower of Curved Ascent
69%
Zone 2 Baseline Insane Tower of Double Trouble
65%
Ring 5 Mid-High Insane Tower of Icy Blizzards
65%
Zone 1 Mid Insane Tower of Thinning Layers
65%
Ring 7 Bottom-Low Insane Tower of Extreme Hell
62%
Zone 9 High-Peak Insane Tower of Hollow Reformations
62%
Zone 4 Mid Insane Tower of Inevitable Failure
62%
Forgotten Ridge Low-Mid Insane Tower of Mind Breaking
62%
Lost River Bottom-Low Insane Tower of Unsettling Heights
62%
Vault of Recollections Bottom Insane Thanos Tower
58%
Ring 9 Bottom-Low Insane Tower of High Adrenaline
58%
Zone 5 High Insane Tower of Polychromatic Zero
58%
Zone 10 High-Peak Insane Tower of Rain on My World
58%
Zone 8 Peak Insane Tower of Rough Endoplasmic Reticulum
58%
Steelspire Horizon Low Insane Tower of Speeding Right Through
58%
Zone 10 Peak Insane Tower of Tee Hee Time
58%
Ring 4 Mid-High Insane Tower of Vivid Sections
58%
Ring 2 Peak Insane Ring 2 Tower Rush
54%
Ring 4 Bottom-Low Insane Ring 4 Tower Rush
54%
Ring 6 Mid Insane Ring 6 Tower Rush
54%
Ring 7 High-Peak Insane Ring 7 Tower Rush
54%
Vault of Recollections Bottom-Low Insane Tower of Difficulty Chart (Classic)
54%
Ashen Towerworks Peak Insane Ashen Towerworks Tower Rush
50%
Forgotten Ridge Low-Mid Insane Forgotten Ridge Tower Rush
50%
Ring 9 Low Insane Ring 9 Tower Rush
50%
Silent Abyss Bottom-Low Insane Silent Abyss Tower Rush
50%
Steelspire Horizon Bottom-Low Insane Steelspire Horizon Tower Rush
50%
Zone 2 High-Peak Insane Zone 2 Tower Rush
50%
Zone 5 Bottom-Low Insane Zone 5 Tower Rush
50%
Zone 6 Low Insane Zone 6 Tower Rush
50%
Zone 7 Bottom Insane Zone 7 Tower Rush
50%
Zone 8 Peak Insane Zone 8 Tower Rush
50%
Time-Lost Plain Peak Insane Time-Lost Plain Tower Rush
31%
AF2023 High Insane Steeple of Gears Locked Up Because It's Cold
27%
Pit of Misery (TEA) Mid Insane Tower of Cruel Punishments
27%
AF2022 Bottom-Low Insane Tower of Terrain Climbing Adventures
27%
AF2024 Bottom Insane Mini Citadel of Mini Citadel
23%
Time-Lost Clockwork High-Peak Insane Tower of Slipping Through Reality
23%
Time-Lost ??? Bottom Insane Tower of You're a Star
23%
The Eternal Abyss High-Peak Insane Tower Tower Tower Tower
23%
AF2021 Mid-High Insane Baldi Tower
19%
Legacy Fortress Bottom Insane Tower of Confusion (Legacy)
19%
Time-Lost Sands Mid Insane Tower of Quaint Activations
19%
Timeless Manor (TEA) Bottom Insane Tower of Satan's Wrath
19%
Time-Lost Tempest Mid Insane Tower of Boreal Disarray
15%
Timeless Manor (TEA) Low-Mid Insane Tower of Forever Resetting
15%
Timeless Manor (TEA) Low-Mid Insane Tower of Franchun's Lullaby
15%
Pit of Misery (TEA) Peak Insane Tower of Seeking Unused Techniques
15%
Timeless Manor (TEA) High Insane Tower of True Confusion
15%
Legacy Fortress Peak Insane Tower of Unending Bamboozles
15%
AF2025 High-Peak Insane Steeple of Tombs & Torture
12%
Timeless Manor (TEA) Mid Insane Tower of Accepting Defeat
12%
Timeless Manor (TEA) Mid-High Insane Tower of Brain Damage
12%
Scrapped, Ring 7 Insane Tower of Raw, Unfiltered Skill
4%
No matching quizzes found
Score Distribution
Percent of People with Each Score
Percentile by Number Answered
Your Score History
You have not taken this quiz since the last reset